01228cam a22003375i 4500999001700000001001000017003000900027005001700036008004100053020001800094020001500112040004500127082001700172100002900189245009900218250002300317250003500340264004800375264001000423300007200433336002600505337002800531338002700559504005100586650003000637653002300667655002400690700003700714942001200751952012700763 c28530d28501016062459EG-ScBUE20200720155457.0120402t20192019nyua f b 001 0 eng d a9781260085280 a1260085287 aStDuBDSbengerdacStDuBDSdUkdEG-ScBUE04a302bMYE2221 aMyers, David G.eauthor.10aSocial psychology /cDavid G. Myers, Hope College, Jean M. Twenge, San Diego State University. aThirteen edition.  aInternational student edition. 1aNew York :bMc-Graw Hill Education,c[2019] 4cc2019 a1 volume (various pagings) :billustrations (chiefly col.) ;c28 cm atextbtxt2rdacontent aunmediatedbn2rdamedia avolumebnc2rdacarrier aIncludes bibliographical references and index. 7aSocial psychology.2BUEsh bHHUUPPSScJuly2020 vReading book9342321 aTwenge, Jean M.,d1971-eauthor. 2ddccBB 00102ddc40708BaccahaMAINbMAINc1STd2020-07-20ePurchasel0o302 MYEp000049412r2025-07-15 00:00:00w2020-07-20yBB